01841cam a22003854i 4500003000900000005001700009008004100026035002000067040003300087100003600120245011300156264001000269300004200279336002100321337002500342338002300367502005900390504002400449520080300473526001001276526001001286526000901296526000901305526000901314526000901323526000901332526000901341526000901350526000801359526000801367526000801375526000801383526000801391650005601399PE-LiUPU20250731165435.0160509s2011 pe a grm 000 0 spa d a(Sirsi) a156640 aPE-LiUPUbspacPE-LiUPUerda1 aCabrera Núñez, Rogereautor1 a"Espíritu", "Alma" y "Cuerpo" un estudio exegético de 1 Tesalonicenses 5:23 /cRoger Cabrera Núñez. 0c2011. a61 hojas : bilustraciones;c28.30 cm atext2rdacontent aunmediated2rdamedia avolume2rdacarrier aTesisb(Lic.) -- cUniversidad Peruana Unión,d2011. aIncluye referencias3 aLa presente investigación se ubica en el área bíblica; por lo tanto, el abordaje se realizó mediante la exegesis bíblica. Se han dado los siguientes pasos: Primero, se mencionó los antecedentes que dan origen al planteamiento del problema, teniendo en cuenta el pensamiento griego. Se presenta también la importancia, las limitaciones, delimitaciones y la metodología empleada. -En un segundo lugar, se presenta una revisión bibliográfica, considerando la antropología tricotómica, dicotómica, además la tradición apostólica sobre la constitución del hombre. Tercero, se analiza el contexto literario del pasaje, luego se hace el análisis semántico y sintáctico del texto mismo. Finalmente se presenta la teología del texto, válida para nuestros días. aSEG44 aSEG26 aP151 aP150 aP149 aP146 aP145 aP126 aP125 aP92 aP75 aP74 aP27 aP1504aBiblia. N.T.. Tesalonisenses I, 5: 23xComentarios.